00393nam a2200133Ia 4500008004000000020001800040082001500058100002700073245004000100250000500140260005700145300001100202650004600213210210b1995 xxu||||| |||| 00| 0 eng d a0 13 207200 9 a820.9 PENS aPENFIELD (Elizabeth F) aStudy guide literary visions. Ed 2. a aNew Jersey.bPrentice Hall International Ltd.,c1995 avi,470 aStudy Guide English Literature Teaching